27 lecciones y 5 meses redondas de patología digestiva (Record no. 149388)

MARC details
000 -LEADER
campo de control de longitud fija 00668nam a2200169 i 4500
001 - NÚMERO DE CONTROL
campo de control 149388
003 - IDENTIFICADOR DE NÚMERO DE CONTROL
campo de control ES-MaACL
007 - CAMPO FIJO DE DESCRIPCIÓN FÍSICA--INFORMACIÓN GENERAL
campo de control de longitud fija t|
008 - DATOS DE LONGITUD FIJA--INFORMACIÓN GENERAL
campo de control de longitud fija 071022s1975 sp ||||1| spa d
245 00 - MENCIÓN DEL TÍTULO
Título 27 lecciones y 5 meses redondas de patología digestiva
Resto del título : XVIIII curso de especialización en el Servicio-Escuela del I. N. P.
260 ## - PUBLICACIÓN, DISTRIBUCIÓN, ETC.
Lugar de publicación, distribución, etc. [Madrid] :
Nombre del editor, distribuidor, etc. Liade,
Fecha de publicación, distribución, etc. 1975.
300 ## - DESCRIPCIÓN FÍSICA
Extensión 454 p., 11 lám. :
Otras características físicas il. ;
Dimensiones 24 cm.
650 14 - PUNTO DE ACCESO ADICIONAL DE MATERIA--TÉRMINO DE MATERIA
Término de materia o nombre geográfico como elemento de entrada Aparato digestivo-
Subdivisión general Enfermedades-
Subdivisión de forma Congresos y asambleas.
9 (RLIN) 9907
710 2# - ENTRADA AGREGADA--NOMBRE DE ENTIDAD CORPORATIVA
Nombre de entidad corporativa o nombre de jurisdicción como elemento de entrada Ambulatorio Hermanos Aznar.
Unidad subordinada Servicio-Escuela de Enfermedades Digestivas.
9 (RLIN) 1344
710 2# - ENTRADA AGREGADA--NOMBRE DE ENTIDAD CORPORATIVA
Nombre de entidad corporativa o nombre de jurisdicción como elemento de entrada Laboratorios Liade.
9 (RLIN) 5477
852 ## - LOCALIZACIÓN
Ubicación ES-MaACL
Número de control de estantería E-8116
Sublocalización o colección R.92679
Holdings
Estatus retirado Estado de pérdida Estado de daño No para préstamo Biblioteca de origen Biblioteca actual Ubicación en estantería Fecha de adquisición Fuente de adquisición Total de préstamos Signatura topográfica completa Código de barras Visto por última vez Precio de reemplazo Tipo de ítem Koha
        Biblioteca del Ateneo de Madrid Biblioteca del Ateneo de Madrid Depósito 2 17/01/2008     E-8116 1155888 23/02/2023 23/02/2023 Libro impreso